| 000 | 00956nam a22002417a 4500 | ||
|---|---|---|---|
| 999 |
_c15092 _d15092 |
||
| 003 | AR-CdUCM | ||
| 008 | 190425b ||||| |||| 00| 0 spa d | ||
| 020 | _a9972-876-01-2 | ||
| 040 |
_aMUNICIPALIDAD PROVINCIAL DEL CUSCO _cBIBLIOTECA MUNICIPAL DEL CUSCO |
||
| 082 |
_aPI / 372.46 / _bN29 |
||
| 110 |
_aCorporación gráfica navarrete _928585 |
||
| 245 |
_aPequeños genios : _bAprestamiento integrado, 3 años / |
||
| 260 |
_aPerú : _bNavarrete, _c2010. |
||
| 300 |
_a284 paginas ; _bIlustraciones, _c27 cm. |
||
| 440 |
_aColección Unicornio Azul _926896 |
||
| 505 | _aContenido : Estoy feliz en mi colegio -- Soy importante en mi familia -- Yo también trabajo -- Mi patria es el Perú -- Los vestidos de mi tierra... | ||
| 650 |
_aAprendo con papá y mamá _934112 |
||
| 650 |
_aConociendo mi tierra _934113 |
||
| 650 |
_aTexto para niños (as) _934114 |
||
| 650 |
_aColoreando todo _934115 |
||
| 942 |
_2ddc _cLIBROS |
||
| 945 |
_awnts _d2019-04-25 |
||